| 000 | 00538nam a22001697a 4500 | ||
|---|---|---|---|
| 999 |
_c16522 _d16522 |
||
| 003 | AR-CdUCM | ||
| 008 | 190503b ||||| |||| 00| 0 spa d | ||
| 040 |
_aMUNICIPALIDAD PROVINCIAL DEL CUSCO _cBIBLIOTECA MUNICIPAL DEL CUSCO |
||
| 082 |
_a869.56 / _bH41 |
||
| 245 | _aTesoro cultural / | ||
| 260 |
_aLima : _bRocarme, _c1970. |
||
| 300 |
_a135 páginas ; _c18 cm. |
||
| 505 | _aLa biblio -- La iliada -- Edypo rey -- la divina comedia -- Hamlet --El avaro. | ||
| 650 |
_aObras clásicas. _936015 |
||
| 942 |
_2ddc _cLIBROS |
||
| 945 | _awfj | ||